Polymer science and technology : (Record no. 144182)

MARC details
000 -LEADER
fixed length control field 00643nam a22002057a 4500
005 - DATE AND TIME OF LATEST TRANSACTION
control field 20170907155046.0
010 ## - LCCN (DPL NO)
LC control number ENG-120107
020 ## - INTERNATIONAL STANDARD BOOK NUMBER
Terms of availability 810.00
International Standard Book Number 97800707077047
035 ## - SYSTEM CONTROL NUMBER
System control number EN-103639
037 ## - SOURCE OF ACQUISITION
Source of stock number/acquisition DBAD/PUB
082 ## - DEWEY DECIMAL CLASSIFICATION NUMBER
Classification number 620.192
100 ## - MAIN ENTRY--PERSONAL NAME
Personal name Ghosh,Premamoy
245 ## - TITLE STATEMENT
Title Polymer science and technology :
Statement of responsibility, etc by Hari Mohan Prasad
Remainder of title plastic, rubbers, blends and coposties /
250 ## - EDITION STATEMENT
Edition statement 3rd ed.
260 ## - PUBLICATION, DISTRIBUTION, ETC. (IMPRINT)
Place of publication, distribution, etc New Delhi
Name of publisher, distributor, etc Tata Mcgraw Hill Education
Date of publication, distribution, etc 2011
270 ## - ADDRESS
Address 7,West Patel Nagar
City New Delhi
Postal code 110008
300 ## - PHYSICAL DESCRIPTION
Extent xiv,581p. :
Dimensions 25cm(Hb)
Other physical details ill.
500 ## - GENERAL NOTE
General note Includes index
942 ## - ADDED ENTRY ELEMENTS (KOHA)
Source of classification or shelving scheme Dewey Decimal Classification
Item type English Books
Classification part 620.192
Call number suffix GHO
Holdings
Withdrawn status Lost status Not for loan Collection code Home library Current library Date acquired Source of acquisition Cost, normal purchase price Full call number Barcode Copy number Cost, replacement price Koha item type
      Non-fiction Vinoba Puri Vinoba Puri 07/09/2017 DBAD/PUB 810.00 620.192 GHO EN-103639 1 810.00 English Books

© Delhi Public Library
Hit Counter
free hit counter